التصرف في حق الإيجاز : دراسة مقارنة /
Saved in:
| Main Author: | |
|---|---|
| Other Authors: | |
| Format: | Unknown |
| Language: | Arabic |
| Published: |
Qahirah :
Jami'ah 'Ayn al-Shams,
2005
|
| Tags: |
Add Tag
No Tags, Be the first to tag this record!
|
| LEADER | 008740000a22002170004500 | ||
|---|---|---|---|
| 008 | 150724s2005 ua g 000 0 ara d | ||
| 040 | |a UIAM |b eng | ||
| 041 | |a ara | ||
| 043 | |a f-ua--- | ||
| 050 | |a KBP880.A32 | ||
| 100 | 1 | |a طنبولي، عبد الحميد فهيم احمد | |
| 242 | 1 | 3 | |a al-Tasarruf fi haqq al-ijar : |b dirasah muqaranah |
| 245 | 1 | 2 | |a التصرف في حق الإيجاز : |b دراسة مقارنة / |c عبد الحميد فهيم احمد الطنبولي |
| 260 | |a Qahirah : |b Jami'ah 'Ayn al-Shams, |c 2005 | ||
| 300 | |a 372 p. ; |c 30 cm. | ||
| 504 | |a Includes bibliographical references (p. 357-369). | ||
| 596 | |a 1 | ||
| 700 | 1 | |a Tanbuli, 'Abd al-Hamid Fahim Ahmad | |
| 900 | |a BP project | ||
| 999 | |c 438412 |d 469092 | ||
| 952 | |0 0 |6 XX(507811.10) |7 0 |8 THESES |9 759412 |a IIUM |b IIUM |c MULTIMEDIA |g 290.00 |o XX(507811.10) |p 00011299599 |r 2018-08-01 |t 1 |v 290.00 |y THESIS | ||
